Welcome to the Holygrace Academy Library

Please use search bar below to get started

LITTLE RED CAR (Record no. 4400)

MARC details
000 -LEADER
fixed length control field 00223nam a22001097a 4500
082 ## - DEWEY DECIMAL CLASSIFICATION NUMBER
Classification number 823
Item number 823
100 ## - MAIN ENTRY--AUTHOR NAME
Personal name BAX/L
245 ## - TITLE STATEMENT
Title LITTLE RED CAR
260 ## - PUBLICATION, DISTRIBUTION, ETC. (IMPRINT)
Place of publication LONDON
Name of publisher LADYBIRD
650 ## - SUBJECT ADDED ENTRY--TOPICAL TERM
Topical Term ENGLISH SHORT STORY
Geographic subdivision UK
942 ## - ADDED ENTRY ELEMENTS (KOHA)
Koha item type Books
Holdings
Withdrawn status Lost status Collection code Home library Current library Shelving location Date acquired Source of acquisition Full call number Accession Number Koha item type
    Fiction Main Library Main Library SHELF-3-H-LADYBIRD STORY BOOKS 18/03/2014 PURCHASE 823 823 06704 Books
    Fiction Main Library Main Library SHELF-3-H-LADYBIRD STORY BOOKS 28/03/2014 PURCHASE 823 823 08388 Books